Historia del alfabeto

Na minha lista:
Detalhes bibliográficos
Autor principal: Moorhouse, A.C
Formato: Livro
Idioma:Undetermined
Publicado em: México, Distrito Federal Fondo de Cultura Económica 1993
Assuntos:
Tags: Adicionar Tag
Sem tags, seja o primeiro a adicionar uma tag!

MARC

LEADER 00000nam a2200000Ia 4500
008 170316s9999 xx 000 0 und d
090 |a 410 M-20h 
100 |a Moorhouse, A.C. 
245 |a Historia del alfabeto 
260 |a México, Distrito Federal 
260 |b Fondo de Cultura Económica 
260 |c 1993 
300 |a 307 páginas 
650 |a LINGÜÍSTICA 
999 |c 18598  |d 18598 
040 |a cru BVZT 
942 |c 15 D  |h 410 M-20h  |2 z